01001cam a2200277 4500001001300000003000400013005001700017008004100034010002200075025001900097040001700116043001200133050003300145082003800178110010200216245004900318260002200367300003200389350001100421410002600432500009200458650004300550650004600593711006700639999001700706sa 68019767 DLC20260227112719.0720605s1968 ii ab 10000 eng  asa 68019767 //r91 aPL480:I-E-1087 aDLCcDLCdCU aa-ii---00aSD88.W4bA3 no. 13aSD646.W400a634.9/0954/14 sa658/.93/4909541410aWest Bengal (India).bOffice of the Chief Conservator of Forests.bPlanning and Statistical Cell.12aA guide to forest management in West Bengal.1 a[Calcutta]c1968. a68 l.billus., map.c30 cm. aRs2.0011aItstBulletinvno. 13 a"Published on the occasion of Ninth Commonwealth Forestry Conference, New Delhi, 1968." 0aForest managementzIndiazWest Bengal. 0aForests and forestryzIndiazWest Bengal.20aBritish Commonwealth Forestry Conference,b9th,cDelhi,d1968. c89062d89062